|
|
|
|
| LEADER |
01231nam a22003132a 4500 |
| 001 |
000102918 |
| 003 |
CZ BrMZK |
| 005 |
20071219102059.0 |
| 007 |
ta |
| 008 |
010907s1988 xr f cze d |
| 015 |
|
|
|a cnb000049456
|
| 035 |
|
|
|a (OCoLC)39419276
|
| 040 |
|
|
|a BOA001
|b cze
|
| 080 |
9 |
|
|a 615.214(075.8)
|
| 080 |
9 |
|
|a 378.4
|
| 100 |
1 |
|
|a Švestka, Jaromír,
|d 1937-2019
|7 jn20000402934
|4 aut
|
| 245 |
1 |
0 |
|a Psychofarmaka a jejich klinické použití v psychiatrii /
|c Jaromír Švestka, Karel Náhunek
|
| 250 |
|
|
|a 5., přeprac. vyd.
|
| 260 |
|
|
|a Brno :
|b Univerzita J.E. Purkyně,
|c 1988
|
| 300 |
|
|
|a 67 s.
|
| 700 |
1 |
|
|a Náhunek, Karel,
|d 1921-2006
|7 jk01082658
|4 aut
|
| 910 |
|
|
|a BOA001
|b 4-0943.105
|
| 964 |
|
|
|a Psychofarmaka - učebnice - školy vysoké
|
| 990 |
|
|
|a BK
|
| 991 |
|
|
|b 200712
|
| 996 |
7 |
|
|b 2619956425
|c 4-0943.105
|l MZK
|r Sklad / do 1 hodiny
|n 22
|w 000102918
|u 000040
|a 1
|e BOA001
|j MZK50
|s A
|
| 996 |
7 |
|
|b 2619987213
|c 4-0943.105
|l MZK
|r Sklad / do 1 hodiny
|n 14
|w 000102918
|u 000020
|a 1
|e BOA001
|j MZK50
|s A
|
| 996 |
7 |
|
|b 2619987976
|c 4-0943.105
|l MZK
|r Sklad / do 1 hodiny
|n 11
|w 000102918
|u 000030
|a 1
|e BOA001
|j MZK50
|s A
|
| 996 |
7 |
|
|b 2619996615
|c 4-0943.105
|l MZK
|r Sklad / do 1 hodiny
|n 14
|w 000102918
|u 000010
|a 1
|e BOA001
|j MZK50
|s A
|